000 01467 a2200205 4500
001 37439
005 20260407155642.0
008 260407a1962 arg spa d
003 AR-UNSa-BCEJYS
040 _aAR-UNSa-BCEJYS
_bspa
_cAR-UNSa-BCEJYS
080 _a658.7
_xCompras. Aprovisionamiento. Gestión de existencias
245 1 0 _aLas compras
_pprincipios y aplicaciones
264 1 _aBarcelona :
_bOmega
_c1962
300 _a574 p.
_c22 cm.
505 _a1. La función compradora - 2. La compra y la dirección - 3. Organización de las compras - 4. La compra de la calidad requerida - 5. Sistematización - 6. Inspección del control de calidad - 7. La compra de la cantidad correcta - 8. Compras anticipadas - 9. Control de almacenes - 10. Las compras al precio correcto - 11. Selección de la fuente correcta - 12. Análisis del valor - 13. Fabricar o comprar - 14. Compra del equipo principal - 15. Procedimiento de compras - 16. Procedimiento de datos integrados - 17. Políticas de compras - 18. La ética en las compras - 19. Aspectos legales de la compra - 20. Cancelación del contrato - 21. Disposición de los excedenes, salvamentos y desperdicios - 22. La indignación en las compras - 23. Personal de compras - 24. Presupuestos de compras - 25. Evaluación de la activación de compras - 26. Estudio de casos sobre compras.
942 _cBK
590 _aniveau_biblio:m niveau_hierar:0
100 1 _aHeinritz, Stuart F.
700 1 _aScholz, Manuel
999 _c2756
_d2756